[Event "34th Chess Olympiad (men)"]
[Site "Istanbul"]
[Date "2000.11.07"]
[Round "10.32.1"]
[White "Hamdouchi, Hichem"]
[Black "Danner, Georg"]
[WhiteElo "2541"]
[BlackElo "2437"]
[WhiteCountry "MAR"]
[BlackCountry "AUT"]
[Result "1-0"]

1. e4 c5 2. Nf3 d6 3. Bc4 Nf6 4. d3 e6 5. Bb3 Be7 6. O-O O-O 7. Re1 Nc6 (7...
b6 8. c3 Bb7 9. Nbd2 Nc6 10. Nf1 Rc8 11. Ng3 Ne5 12. d4 Nxf3+ 13. Qxf3 Nd7 14.
Qg4 Bf6 15. Be3 g6 16. Bh6 Re8 17. Rad1 Bh8 18. f4 b5 19. e5 c4 20. Bc2 f5 21.
Bxf5 exf5 22. Nxf5 dxe5 23. fxe5 Qb6 24. Be3 Qd8 25. Nh6+ Kg7 26. Bg5 Qc7 27.
e6 Nb6 28. d5 {1-0 Ulibin,M-Palac,M/Pula 1999/EXT 2000 (28)}) 8. c3 e5 (8... b5
9. Nbd2 d5 10. e5 Nd7 11. d4 b4 12. Nf1 Ba6 13. Bc2 bxc3 14. bxc3 cxd4 15. cxd4
Rc8 16. Bd2 h6 17. Rb1 Nb6 18. Ne3 Nc4 19. Nxc4 Bxc4 20. Rb2 Ba3 21. Rb7 Rb8
22. Rxb8 Qxb8 23. Bb1 Qb2 24. Qc2 Qxc2 25. Bxc2 Rb8 26. Ba4 Nb4 27. Bb3 Nxa2
28. Ba4 Bb4 29. g4 Nc3 30. Bc2 Ne2+ 31. Kg2 Nxd4 32. Nxd4 Bxd2 33. Rd1 Bc3 34.
h4 Bxd4 35. Rxd4 a5 36. g5 hxg5 37. hxg5 Rb2 38. Bd1 Rb4 39. Kg3 a4 40. g6 fxg6
41. Rf4 a3 42. Bg4 Rb6 43. Rf3 a2 {
0-1 Adams,M-Lutz,C/Frankfurt 1999/CBM 72 (43)}) 9. Nbd2 Be6 (9... Ne8 10. Nf1
Bf6 (10... Nc7 $5 11. Ne3 Be6 12. Nd5 Qd7 13. Be3 Bd8 14. d4 cxd4 15. cxd4 Bg4
$11) 11. h3 Be6 12. Be3 Nc7 13. Ng3 g6 14. Bc2 Qe7 15. d4 cxd4 16. cxd4 exd4
17. Nxd4 Nxd4 18. Bxd4 Be5 $11 19. Qd3 Na6 20. Qd2 Rfc8 21. Ne2 Qf6 22. Bc3 Bc4
23. f4 Bxc3 24. Nxc3 Nb4 25. Bb3 Bxb3 26. axb3 a5 27. Rf1 Rc6 28. Rf3 Qh4 $6 (
28... b6 $142 29. f5 g5 30. Rg3 h6 31. h4 Qe5 32. Rf3 f6 $15) 29. f5 $14 g5 ({
Hier oder im naechsten Zug kam} 29... b6 $5 {in Betracht.}) 30. f6 h6 31. Kh2 (
31. Nd5 Nxd5 32. exd5 Rcc8 $14) 31... b6 32. Rf5 Re8 (32... Rac8 $5 33. Qd1 g4
34. Qxg4+ Qxg4 35. hxg4 Nc2 36. Rh1 Ne3 37. Nd5 Nxf5 (37... Nxd5 38. Rxd5 Re8
39. Kg3 Rxe4 40. Rxh6 $16) 38. exf5 $14) 33. Qe2 Rxc3 $2 (33... g4 34. Qxg4+
Qxg4 35. hxg4 Nc2 36. Rh1 Ne3 37. Rf4 Kh7 38. Kg3 Rg8 39. Kf3 $16) 34. bxc3
Rxe4 35. Qd2 Rf4 {Tkatschiew-Balinov, Makarska 1997 (1-0; 35)}) 10. Nf1 Qd7 {
Wegerer-Cigan, Gleisdorf 1989, remis} 11. Ba4 Qc7 12. h3 h6 (12... a6) (12...
Rfd8) 13. Ng3 a6 14. Nh4 Nh7 (14... b5 15. Bb3 Nxe4 16. Rxe4 d5 17. Rg4 $16) (
14... Rfd8) (14... d5 15. exd5 Bxd5 16. c4 Be6 17. Bxc6 bxc6 18. Nhf5 $16) 15.
Nhf5 Bg5 $5 16. Bxg5 hxg5 $2 (16... Nxg5 17. Qg4 b5 18. Bb3 Bxb3 19. axb3 Kh8
$14) 17. h4 $2 (17. Bb3 Na5 18. Bd5 Nf6 19. d4 exd4 20. cxd4 Qd7 21. Ne3 $16)
17... gxh4 (17... g6 18. Nh6+ Kg7 19. hxg5 Nxg5 20. Ng4 b5 21. Bb3 Rh8 $11) 18.
Qg4 g6 $1 $17 19. Qxh4 Qd8 $2 (19... gxf5 $5 20. exf5 Bc8 21. f6 Qd7 $17) 20.
Qxd8 $14 Nxd8 21. Nxd6 b5 22. Bc2 Rb8 23. d4 cxd4 24. cxd4 exd4 25. e5 Nc6 26.
a3 Rfd8 27. f4 Na5 (27... g5 $5 28. Ne2 gxf4 29. Nxf4 Nf8 30. Rac1 Rb6 $11) 28.
Rad1 $1 $16 Nc4 29. Rxd4 Nxb2 30. f5 gxf5 31. Ngxf5 Bxf5 (31... Nc4 32. Ne7+
Kg7 33. Nc6 $18) 32. Bxf5 $18 Nf8 33. Re3 Ne6 34. Bxe6 fxe6 35. Rg4+ 1-0

[Event "34th Chess Olympiad (men)"]
[Site "Istanbul"]
[Date "2000.11.07"]
[Round "10.32.2"]
[White "Sommerbauer, Norbert"]
[Black "Tissir, Mohamed"]
[WhiteElo "2391"]
[BlackElo "2342"]
[WhiteCountry "AUT"]
[BlackCountry "MAR"]
[Result "1/2-1/2"]

1. Nf3 Nf6 2. c4 e6 3. g3 d5 4. b3 c5 5. Bg2 Nc6 6. O-O Be7 7. e3 O-O 8. Bb2
dxc4 9. bxc4 Qb6 10. Qb3 Qc7 11. d3 Rd8 12. Rd1 Bd7 13. Nc3 Rac8 14. Rab1 Be8
15. Ba1 Na5 16. Qc2 a6 17. Nd2 Bc6 18. Nce4 Ne8 19. Nb3 Nxb3 20. axb3 b6 21. d4
Qb7 22. f4 cxd4 23. exd4 b5 24. f5 exf5 25. d5 1/2-1/2

[Event "34th Chess Olympiad (men)"]
[Site "Istanbul"]
[Date "2000.11.07"]
[Round "10.32.3"]
[White "Onkoud, Abdelaziz"]
[Black "Miniboeck, Guenter"]
[WhiteElo "2309"]
[BlackElo "2413"]
[WhiteCountry "MAR"]
[BlackCountry "AUT"]
[Result "1-0"]

1. e4 c5 2. Nf3 d6 3. b4 cxb4 4. d4 Nf6 5. Bd3 e6 (5... d5 6. e5 Ne4 7. a3 Nc6
8. axb4 Nxb4 9. Ba3 e6 10. O-O Be7 11. Qe1 Nxd3 12. cxd3 Ng5 13. Nxg5 (13. Nfd2
$142) 13... Bxg5 14. Nc3 Bd7 15. f4 Be7 (15... Bh4 $142 16. g3 Be7) 16. Bxe7
Qxe7 17. f5 Qb4 18. Kh1 exf5 (18... O-O 19. f6 Qxd4 20. Qg3 g6 21. Ne2 Qb6 22.
Qf4 $18) (18... a6 19. fxe6 Bxe6 $19) 19. Rb1 Qxd4 20. Rxb7 {Brestian-Miniboeck
, AUT-chT9495  (1-0; 30), und nun haette der Nachziehende kaltbluetig mit}
20... Qxd3 {und klaren Gewinnchancen fortfahren sollen.}) 6. O-O d5 ({
Gut fuer Schwarz ist auch die Einschaltung von} 6... Be7 7. Nbd2 {und erst dann
} 7... d5 $1 8. e5 Nfd7 9. Ne1 Nc6 10. Qg4 O-O 11. Ndf3 f5 {
Corden-Gligoric, Hastings 1970 (45)}) 7. e5 Nfd7 8. Ng5 Be7 9. Qh5 Bxg5 10.
Bxg5 Qb6 11. Be3 Nc6 12. Nd2 Nf8 13. Rfb1 Qc7 $11 14. a3 bxa3 15. Rxa3 Ng6 16.
f4 Bd7 17. c4 Nge7 (17... Nce7 $15) 18. g4 g6 $2 (18... h6 $15) 19. Qh6 O-O-O
20. c5 $16 Rdg8 (20... Rdf8 $142 $14) 21. Nf3 a6 $2 (21... Rf8 $142 22. Ng5 Kb8
23. Nxh7 f5 24. Qxf8+ Rxf8 25. Nxf8 $14) 22. Bd2 Kd8 23. Rab3 Bc8 24. Rb6 Ke8
$6 (24... Rf8 $5) 25. Kf2 (25. Be1 {/\ Lh4-f6}) 25... Nd8 26. Ke3 Bd7 (26...
Rf8 $5) 27. Be1 Rf8 (27... Nc8 $5) 28. Bh4 f5 $2 (28... Bc6 $142) 29. gxf5 gxf5
(29... Nxf5+ 30. Bxf5 exf5 31. Qg7 $18) 30. Bf6 $18 Rhg8 31. Qh5+ Nf7 32. Rxb7
Qa5 33. Bxe7 Kxe7 34. c6 Rd8 35. cxd7 Rg2 36. Qh4+ Kf8 37. Rb8 Qc7 38. Rxd8+
Nxd8 39. Qf6+ Kg8 40. Qe7 1-0

[Event "34th Chess Olympiad (men)"]
[Site "Istanbul"]
[Date "2000.11.07"]
[Round "10.32.4"]
[White "Neubauer, Martin"]
[Black "Bintafrit, Sameer"]
[WhiteElo "2369"]
[BlackElo "2285"]
[WhiteCountry "AUT"]
[BlackCountry "MAR"]
[Result "1-0"]

1. e4 c5 2. c3 d6 3. d4 Nf6 4. Bd3 Nc6 5. Nf3 e5 6. dxe5 dxe5 7. h3 {
Zwar nicht unlogisch, doch an dieser Stelle neu. Ueblich sind:} (7. O-O) (7.
Bg5) (7. Na3) (7. Qe2) 7... a6 8. O-O Be7 9. a4 O-O 10. Na3 Qc7 11. Qc2 Be6 12.
Bc4 Bd7 (12... Bxc4 13. Nxc4 b5 14. Ne3 Rfd8 15. Nd5 Nxd5 16. exd5 Na5 17. Rd1
$14) 13. Bg5 Na5 14. Bxf6 Bxf6 15. Bd5 c4 16. Nd2 Be6 $5 (16... Bc6 $6 17. Bxc4
Rfd8 18. Rfd1 Nxc4 19. Naxc4 b5 20. axb5 axb5 21. Rxa8 Bxa8 22. Ne3 Bg5 23. Nf3
Bxe3 24. Rxd8+ Qxd8 25. fxe3 $14) 17. Bxe6 $5 fxe6 18. b4 cxb3 19. Nxb3 Rac8 (
19... Nc6 $5 20. Rfd1 Bh4 21. g3 Be7 22. Nc4 Rf3 $11) 20. Nxa5 Qxa5 21. Qb3
Rxc3 22. Qxe6+ Kh8 23. Nc4 Qc7 24. Ne3 Rc6 25. Qg4 Bd8 26. Rad1 Qa5 $6 (26...
Rg6 $1 27. Qd7 Rgf6 28. Qd3 $11) 27. Rd7 Rg6 28. Qd1 b5 29. axb5 axb5 30. Nf5 (
30. Qd5 $1 $16) 30... Qa8 $2 (30... Bb6 $5 31. Qb3 Rgf6 32. Qd5 b4 $14) 31. Nd6
$16 Bb6 (31... Rgf6 32. Qb3 Bb6 33. Nf7+ R8xf7 34. Rxf7 Rxf7 35. Qxf7 $18) 32.
Nf7+ Rxf7 (32... Kg8 33. Nxe5 Rgf6 34. Qb3+ $18) 33. Rxf7 $18 h6 34. Qd5 (34.
Qf3 $1) 34... Qe8 35. Rb1 Kh7 36. Rxb5 Bd4 37. Rbb7 Qc8 38. Rbc7 Qb8 (38...
Qxh3 39. Rxg7+ Rxg7 40. Rxg7+ Kxg7 41. gxh3) 39. Qb7 Qxb7 40. Rxb7 h5 41. Kh2
h4 42. g4 Kh6 43. Kg2 Kh7 44. Rbd7 Bb2 1-0

[Event "34th Chess Olympiad (men)"]
[Site "Istanbul"]
[Date "2000.11.07"]
[Round "10.33.1"]
[White "Clavijo, Jorge"]
[Black "Dervishi, Erald"]
[WhiteElo "2414"]
[BlackElo "2478"]
[WhiteCountry "COL"]
[BlackCountry "ALB"]
[Result "0-1"]

1. d4 Nf6 2. c4 e6 3. Nc3 d5 4. cxd5 exd5 5. Bg5 Be7 6. e3 O-O 7. Bd3 Nbd7 
8. Nge2 Re8 9. Qc2 Nf8 10. O-O c6 11. Rab1 Ng6 12. Ng3 Ng4 13. Bxe7 Qxe7 
14. h3 Nf6 15. b4 a6 16. a4 Be6 17. b5 axb5 18. axb5 c5 19. dxc5 Qxc5 
20. Nce4 Nxe4 21. Bxe4 Qb6 22. Bxg6 hxg6 23. Qb2 Ra5 24. Rfd1 Rc8 25. Rd4 Rc5 
26. Rb4 Rc4 27. Qe5 f6 28. Qb8+ Rc8 29. Qf4 g5 30. Qf3 Rc5 31. h4 Raxb5 
32. Rxb5 Rxb5 33. Rxb5 Qxb5 34. hxg5 Qb1+ 35. Kh2 fxg5 36. Qh5 Qh7 
37. Qxh7+ Kxh7 38. Kg1 Bd7 39. Kf1 Bb5+ 40. Ke1 Kg6 41. Kd2 Kf6 42. Nh5+ Kf7 
43. Ng3 Ke6 44. Kc3 Ke5 45. Kb4 Bd3 46. Kc3 Ba6 47. Kd2 g6 48. f3 Bc4 
49. Kc3 b5 50. Kb4 d4 51. exd4+ Kxd4 52. Ne4 g4 53. Ng5 gxf3 54. Nxf3+ Ke3 
55. Ne5 g5 56. Kc5 Bf1 57. g3 Ke4 58. Nf7 g4 59. Ng5+ Ke3 60. Kb4 Bd3 
61. Kc3 Bc4 
0-1

[Event "34th Chess Olympiad (men)"]
[Site "Istanbul"]
[Date "2000.11.07"]
[Round "10.33.2"]
[White "Adhami, Vangiel"]
[Black "Echavarria, Johann"]
[WhiteElo "2310"]
[BlackElo "2328"]
[WhiteCountry "ALB"]
[BlackCountry "COL"]
[Result "0-1"]

1. e4 c5 2. Nf3 Nc6 3. Bb5 g6 4. O-O Bg7 5. Re1 Nf6 6. c3 O-O 7. h3 e5 8. d3 d6 
9. a4 Bd7 10. Nbd2 Ne8 11. Bc4 Nc7 12. Nf1 Ne6 13. Ne3 Kh8 14. Bd2 f5 
15. exf5 gxf5 16. Nd5 f4 17. Kh2 Qe8 18. a5 Qg6 19. Qe2 Rae8 20. b3 Bh6 
21. Rg1 Qh5 22. Qd1 Ng7 23. Rh1 Rc8 24. Ra2 Be6 25. b4 Qf7 26. Qb3 cxb4 
27. cxb4 Ne7 28. Nc3 Bxc4 29. dxc4 Qxc4 30. Qxc4 Rxc4 31. Nb5 Nc8 32. Rd1 Nf5 
33. Na3 Rc7 34. Nb5 Rc6 35. Rc1 Rxc1 36. Bxc1 a6 37. Na3 Na7 38. Rc2 Rc8 
39. Rxc8+ Nxc8 40. Kg1 Kg8 41. Kf1 Kf7 42. g4 fxg3 43. Bxh6 Nxh6 44. fxg3 Kf6 
45. g4 Nf7 46. Ke2 Na7 47. h4 Nc6 48. Nc2 d5 49. Kd2 e4 50. Nfd4 Nxd4 
51. Nxd4 Ke5 52. Nb3 d4 53. Nc5 Nd6 54. g5 Nc4+ 55. Kd1 d3 56. h5 d2 57. Ke2 e3 
58. Nd3+ Kf5 
0-1

[Event "34th Chess Olympiad (men)"]
[Site "Istanbul"]
[Date "2000.11.07"]
[Round "10.33.3"]
[White "Mosquera, Miguel"]
[Black "Pustina, Ylvi"]
[WhiteElo "2333"]
[BlackElo "2286"]
[WhiteCountry "COL"]
[BlackCountry "ALB"]
[Result "1/2-1/2"]

1. e4 e5 2. Nf3 Nc6 3. Bb5 a6 4. Ba4 Nf6 5. d4 exd4 6. O-O Be7 7. e5 Ne4 
8. Nxd4 Nc5 9. Nf5 O-O 10. Qg4 g6 11. Bxc6 dxc6 12. Nxe7+ Qxe7 13. Qg3 Re8 
14. Re1 Bf5 15. Nc3 Ne6 16. Ne4 Bxe4 17. Rxe4 Rad8 18. Bh6 Rd4 19. Ree1 g5 
20. f4 Rxf4 21. Rf1 Qc5+ 22. Kh1 Qxe5 23. Rfe1 Qf5 24. Qxg5+ Qxg5 25. Bxg5 Rf2 
26. Rac1 Rf5 27. Bh4 Ng7 28. Bg3 Rxe1+ 29. Rxe1 Ne6 30. Kg1 Rd5 31. Re2 b5 
32. Kf2 c5 33. Re5 c6 34. Ke2 Kf8 35. c4 Rd4 36. cxb5 axb5 37. Bf2 Rd5 
38. Re4 c4 39. a4 bxa4 40. Rxc4 Rb5 41. Rxa4 Rxb2+ 42. Kf3 Rc2 43. Be3 c5 
44. Rh4 Kg7 45. Rg4+ Kf6 46. Rh4 Kg6 47. Rg4+ 
1/2-1/2

[Event "34th Chess Olympiad (men)"]
[Site "Istanbul"]
[Date "2000.11.07"]
[Round "10.33.4"]
[White "Sula, Zegir"]
[Black "Uribe, Mauricio"]
[WhiteElo "2348"]
[BlackElo "2293"]
[WhiteCountry "ALB"]
[BlackCountry "COL"]
[Result "0-1"]

1. d4 Nf6 2. c4 e6 3. Nc3 Bb4 4. Qc2 O-O 5. a3 Bxc3+ 6. Qxc3 b6 7. Bg5 Bb7 
8. Nf3 d6 9. e3 Nbd7 10. Be2 h6 11. Bh4 g5 12. Bg3 Ne4 13. Qc2 f5 14. O-O-O Qf6 
15. h4 Nxg3 16. fxg3 g4 17. Ne1 Be4 18. Bd3 d5 19. Rf1 Qe7 20. cxd5 exd5 
21. Bxe4 Qxe4 22. Qxe4 fxe4 23. Rf4 Rxf4 24. gxf4 Kf7 25. Nc2 a5 26. Kd2 g3 
27. a4 Ke6 28. Na3 Rg8 29. Rc1 c5 30. Nb5 Rg4 31. Nc7+ Kd6 32. Nb5+ Ke6 
33. Nc7+ Kd6 34. Nb5+ Ke7 35. Nc7 cxd4 36. exd4 Nf6 37. Rc3 Rxh4 38. Rxg3 Rxf4 
39. Rg7+ Kd6 40. Ke3 Rg4 41. Ne8+ Ke6 42. Nc7+ Kf5 43. Rxg4 Kxg4 44. Kf2 h5 
45. Na8 e3+ 46. Kf1 Kg3 47. Nxb6 h4 48. b4 axb4 49. a5 b3 50. Na4 e2+ 
51. Kxe2 Kxg2 52. a6 Ne8 53. a7 Nc7 54. Kd3 
0-1

[Event "34th Chess Olympiad (men)"]
[Site "Istanbul"]
[Date "2000.11.07"]
[Round "10.34.2"]
[White "Arias, Lemnys"]
[Black "Aung, Aung"]
[WhiteElo "2000"]
[BlackElo "2520"]
[WhiteCountry "ESA"]
[BlackCountry "MYA"]
[Result "1/2-1/2"]

1. e4 d6 2. d4 Nf6 3. Nc3 g6 4. f4 Bg7 5. Nf3 O-O 6. Be3 Na6 7. Qd2 c5 
8. O-O-O cxd4 9. Bxd4 b6 10. h4 Nc5 11. Bxf6 Bxf6 12. e5 Bg7 13. h5 Be6 
14. hxg6 hxg6 15. Qf2 Qc7 16. f5 gxf5 17. Qh4 Rfd8 18. Qh7+ Kf8 19. Rh5 f6 
20. exf6 exf6 21. Nd5 Qd7 22. Nh4 Qa4 23. Nc3 Qf4+ 24. Kb1 Bf7 25. Nxf5 Qg4 
26. Rh4 Qg6 27. Qxg6 Bxg6 28. Nxg7 Kxg7 29. Rhd4 Rac8 30. Rxd6 Rxd6 
31. Rxd6 Na4 32. Bd3 Bxd3 33. Rxd3 Nxc3+ 34. bxc3 Kg6 35. Kb2 Rc7 36. Kb3 Kf5 
37. c4 Ke4 38. Kb4 f5 39. g3 Rc5 40. a4 a5+ 41. Kc3 Rc6 42. Rd4+ Ke5 
43. Rd3 Ke4 
1/2-1/2

[Event "34th Chess Olympiad (men)"]
[Site "Istanbul"]
[Date "2000.11.07"]
[Round "10.34.3"]
[White "Mynn, Htoo"]
[Black "Segura, Javier"]
[WhiteElo "2537"]
[BlackElo "2000"]
[WhiteCountry "MYA"]
[BlackCountry "ESA"]
[Result "0-1"]

1. d4 d5 2. c4 e6 3. Nc3 c6 4. cxd5 exd5 5. Nf3 Bd6 6. Bg5 Ne7 7. e3 Bf5 
8. Bd3 Bxd3 9. Qxd3 O-O 10. Bh4 f6 11. Bg3 Re8 12. O-O Ng6 13. Rab1 a5 
14. a3 a4 15. Bxd6 Qxd6 16. Qc2 b5 17. e4 dxe4 18. Nxe4 Qd5 19. Rfe1 Nd7 
20. Re3 Nb6 21. Rbe1 Kf7 22. Nc3 Qd7 23. Rd1 Nd5 24. Nxd5 Qxd5 25. Rc1 Rac8 
26. Rc3 Nf4 27. Rc5 Qd7 28. Kh1 Qg4 29. Rg1 Re2 30. Qxh7 Ng6 31. h3 Qe4 
32. Qh5 Rh8 33. Qf5 Qxf5 34. Rxf5 Rxb2 35. Rc1 Ne7 36. Rfc5 Rxf2 37. R5c2 Rxc2 
38. Rxc2 Rd8 39. Kg1 Rd6 40. Rc5 Nd5 41. Kf2 Nb6 42. g4 Nc4 43. d5 Rxd5 
44. Rxc6 Nxa3 45. Rc7+ Kf8 46. Nh4 Nc4 47. Ng6+ Ke8 48. Re7+ Kd8 49. Rxg7 Rg5 
0-1

[Event "34th Chess Olympiad (men)"]
[Site "Istanbul"]
[Date "2000.11.07"]
[Round "10.34.4"]
[White "Ricando, Chavez"]
[Black "Wynn, Zaw Htun"]
[WhiteElo "2111"]
[BlackElo "2434"]
[WhiteCountry "ESA"]
[BlackCountry "MYA"]
[Result "1/2-1/2"]

1. g3 Nf6 2. Bg2 e5 3. d3 d5 4. Nf3 Bd6 5. O-O O-O 6. Nc3 c6 7. e4 d4 8. Ne2 c5 
9. Nd2 Nc6 10. h3 Rb8 11. f4 b5 12. f5 Qb6 13. g4 c4 14. Ng3 Ba6 15. g5 Ne8 
16. Rf2 b4 17. Bf1 Na5 18. Qh5 b3 19. axb3 cxd3 20. cxd3 Bb4 21. Nc4 Bxc4 
22. bxc4 Nb3 23. Rb1 Be1 24. Rg2 Nxc1 25. Rxc1 Bxg3 26. Rxg3 Qxb2 27. Re1 Qc3 
28. Re2 Rb6 29. f6 g6 30. Qh6 Qc1 31. Rf3 Nxf6 32. Rc2 Qxc2 33. gxf6 Rxf6 
34. Rf4 Rf5 35. Rxf5 a6 36. Rf6 a5 37. Rf2 Qb3 38. Qd2 a4 39. Qa2 Rb8 
40. Qa1 a3 41. Ra2 Ra8 42. h4 h5 43. c5 Kg7 44. c6 Ra7 45. c7 Rxc7 46. Rxa3 Qe6 
47. Qd1 Qe7 48. Ra2 Qxh4 49. Rg2 Rc6 50. Be2 Qf4 51. Bf1 Qe3+ 52. Rf2 Qg5+ 
53. Rg2 Qe3+ 54. Rf2 Rf6 55. Qe2 Qg3+ 56. Rg2 Qf4 57. Qf2 Qc1 58. Qe2 Rf4 
59. Rf2 Rg4+ 60. Rg2 Rf4 61. Rf2 Rg4+ 62. Rg2 Rxg2+ 63. Qxg2 Qf4 64. Be2 Kh6 
65. Qh3 f5 66. exf5 Qg5+ 67. Kf2 gxf5 68. Qf3 Qh4+ 69. Kf1 Kg5 70. Qg2+ Kf4 
71. Qf3+ 
1/2-1/2

[Event "34th Chess Olympiad (men)"]
[Site "Istanbul"]
[Date "2000.11.07"]
[Round "10.35.1"]
[White "Salmensuu, Olli"]
[Black "Kastanieda, Georgiy"]
[WhiteElo "2458"]
[BlackElo "2457"]
[WhiteCountry "FIN"]
[BlackCountry "PER"]
[Result "1-0"]

1. e4 d6 2. d4 Nf6 3. Nc3 g6 4. Bg5 c6 5. Qe2 Qa5 6. Bd2 Bg7 7. O-O-O O-O 
8. Kb1 Qc7 9. f4 b5 10. e5 Nd5 11. Nxd5 cxd5 12. Qxb5 Nc6 13. Nf3 Rb8 
14. Qa4 Bd7 15. Qa3 dxe5 16. fxe5 f6 17. exf6 Bxf6 18. Bc3 a5 19. Ne5 Nxe5 
20. dxe5 Bxe5 21. Bxe5 Qxe5 22. b3 a4 23. Qb2 Qd6 24. h4 Bg4 25. Rd2 e6 
26. Be2 Rf2 27. Bxg4 Rxd2 28. Qf6 Re8 29. Re1 Rxg2 30. Bxe6+ Rxe6 
31. Qxe6+ Qxe6 32. Rxe6 a3 33. Kc1 Rh2 34. Ra6 Rxh4 35. Rxa3 Kf7 36. Ra7+ Ke6 
37. a4 Kd6 38. Rg7 Kc5 39. Kb2 Rh2 40. a5 Kb5 41. b4 d4 42. Rb7+ Kc6 43. a6 d3 
44. b5+ Kd6 45. Kc1 Rxc2+ 46. Kd1 Rc7 47. b6 Kd5 
1-0

[Event "34th Chess Olympiad (men)"]
[Site "Istanbul"]
[Date "2000.11.07"]
[Round "10.35.2"]
[White "Belli, Mario"]
[Black "Yrjola, Jouni"]
[WhiteElo "2393"]
[BlackElo "2442"]
[WhiteCountry "PER"]
[BlackCountry "FIN"]
[Result "1/2-1/2"]

1. d4 Nf6 2. Nf3 g6 3. g3 Bg7 4. Bg2 d5 5. O-O O-O 6. c4 dxc4 7. Na3 Nc6 
8. Nxc4 Be6 9. b3 Qc8 10. Bb2 Rd8 11. Qe1 Bd5 12. e3 a5 13. Qe2 a4 14. Rfc1 Qf5 
15. Nfe5 Bxg2 16. Kxg2 Nxe5 17. Nxe5 c6 18. Ba3 Qe6 19. Rab1 Nd7 20. Nf3 Qe4 
21. Qc2 Qxc2 22. Rxc2 e5 23. bxa4 Rxa4 24. Bd6 exd4 25. exd4 Ra7 26. Rcb2 b5 
27. Rc2 Ra6 28. Rbc1 Nf8 29. Be5 Bxe5 30. dxe5 Ne6 31. Rxc6 Rxa2 32. Rb6 Rb2 
33. h4 h6 34. Rcc6 Ra8 35. Ra6 Rxa6 36. Rxa6 Rc2 37. Rb6 Rc5 38. Rb8+ Kg7 
39. Kf1 g5 40. hxg5 hxg5 41. Kg2 Kg6 42. Rb7 Rd5 43. Rb8 Kf5 44. Rb7 Kg6 
45. Rb8 g4 46. Nh4+ Kh7 47. Rb7 Nd8 48. Rb8 Nc6 49. Rb7 Nxe5 50. f4 gxf3+ 
51. Nxf3 Kg6 52. Nxe5+ Rxe5 53. Kf3 f6 54. Kf4 Rc5 55. g4 Rc4+ 56. Kf3 b4 
57. Rb5 Rc3+ 58. Kf4 Rc4+ 59. Kf3 Rd4 60. Kg3 Kf7 61. Kf3 Ke6 62. Rb6+ Ke5 
63. Rb5+ Kd6 64. Rb6+ Kc5 65. Rxf6 b3 66. Kg3 Rd1 67. Rf2 Kc4 68. g5 Kc3 
69. Kg4 Rd2 70. Rf1 b2 
1/2-1/2

[Event "34th Chess Olympiad (men)"]
[Site "Istanbul"]
[Date "2000.11.07"]
[Round "10.35.4"]
[White "Soto, Jorge"]
[Black "Nouro, Mikael"]
[WhiteElo "2225"]
[BlackElo "2397"]
[WhiteCountry "PER"]
[BlackCountry "FIN"]
[Result "0-1"]

1. d4 Nf6 2. Nf3 g6 3. g3 Bg7 4. Bg2 O-O 5. O-O d6 6. c4 c6 7. Nc3 Bf5 
8. Nh4 Be6 9. b3 d5 10. cxd5 cxd5 11. Bb2 Nc6 12. e3 Qd7 13. Nf3 Rfd8 
14. Re1 Bg4 15. a3 Rac8 16. b4 Ne4 17. Qb3 Bxf3 18. Bxf3 Nd2 19. Qxd5 Qe8 
20. Rad1 e6 21. Qxc6 bxc6 22. Rxd2 c5 23. bxc5 Rxc5 24. a4 Rcc8 25. Be2 Qe7 
26. Ba1 Qa3 27. Ra2 Rxc3 28. Rxa3 Rxa3 29. Bb5 Rc8 30. Bb2 Ra2 31. Rb1 
0-1

[Event "34th Chess Olympiad (men)"]
[Site "Istanbul"]
[Date "2000.11.07"]
[Round "10.36.1"]
[White "Hakki, Imad"]
[Black "Ghaem, Maghami Ehsan"]
[WhiteElo "2429"]
[BlackElo "2488"]
[WhiteCountry "SYR"]
[BlackCountry "IRI"]
[Result "1/2-1/2"]

1. Nf3 c5 2. c4 Nc6 3. d4 cxd4 4. Nxd4 g6 5. e4 Bg7 6. Be3 Nf6 7. Nc3 d6 
8. Be2 O-O 9. O-O Bd7 10. Qd2 Nxd4 11. Bxd4 Qa5 12. Rfd1 Rfc8 13. f3 Be6 
14. b3 Nd7 15. Bxg7 Kxg7 16. f4 f6 17. Kh1 a6 18. Bf3 Rab8 19. a4 Qb4 
20. Rab1 b5 21. axb5 axb5 22. Nxb5 Qxd2 23. Rxd2 Nc5 24. b4 Na4 
1/2-1/2

[Event "34th Chess Olympiad (men)"]
[Site "Istanbul"]
[Date "2000.11.07"]
[Round "10.36.2"]
[White "Mahjoob, Morteza"]
[Black "Khatib, Kamel"]
[WhiteElo "2337"]
[BlackElo "2000"]
[WhiteCountry "IRI"]
[BlackCountry "SYR"]
[Result "1-0"]

1. e4 e5 2. Nf3 Nc6 3. Nc3 Nf6 4. d4 exd4 5. Nd5 h6 6. Bf4 d6 7. Nxd4 a6 
8. Bc4 Nxd5 9. exd5 Ne5 10. Be2 Be7 11. O-O O-O 12. a4 Bg5 13. Bg3 Bh4 
14. Ra3 Bxg3 15. Rxg3 Re8 16. f4 Ng6 17. Bh5 Nf8 18. f5 Qf6 19. Ne6 
1-0

[Event "34th Chess Olympiad (men)"]
[Site "Istanbul"]
[Date "2000.11.07"]
[Round "10.36.3"]
[White "Al-Baba, Izate"]
[Black "Mallahi, Amir"]
[WhiteElo "2000"]
[BlackElo "2389"]
[WhiteCountry "SYR"]
[BlackCountry "IRI"]
[Result "0-1"]

1. Nf3 d5 2. c4 e6 3. g3 c5 4. cxd5 exd5 5. d4 Nc6 6. Bg2 Nf6 7. Nc3 Be7 
8. O-O O-O 9. dxc5 Bxc5 10. Na4 Be7 11. Be3 Re8 12. Nd4 Ne5 13. Bg5 h6 
14. Bxf6 Bxf6 15. Nc3 Be6 16. e3 Nc6 17. Nxc6 bxc6 18. Rc1 Qa5 19. Na4 Rac8 
20. b3 Red8 21. Rc5 Qa6 22. Qd2 Qb7 23. Ra5 d4 24. e4 Be7 25. Nc5 Bxc5 
26. Rxc5 d3 27. Rfc1 Rd4 28. f4 Bg4 29. e5 Qb4 30. R1c3 Rcd8 31. Kf2 Re4 
32. Bxe4 Qxe4 33. Rxc6 Qf3+ 34. Kg1 Qe2 35. Qxe2 dxe2 36. Kf2 Rd1 37. Re3 Rf1+ 
38. Kg2 e1=Q 39. Rxe1 Rxe1 40. h3 Be6 41. Ra6 Ra1 42. Ra3 h5 43. g4 hxg4 
44. hxg4 Bxg4 45. Rxa7 Be6 46. Ra3 Kh7 47. Kf3 Kg6 48. Ke4 Re1+ 49. Kd4 Kf5 
50. b4 Kxf4 51. Ra6 Re4+ 52. Kc5 Rc4+ 53. Kb5 Rc2 54. a4 Bc4+ 55. Kb6 Bxa6 
56. Kxa6 g5 
0-1

[Event "34th Chess Olympiad (men)"]
[Site "Istanbul"]
[Date "2000.11.07"]
[Round "10.36.4"]
[White "Abbasifar, Hasan"]
[Black "Mohamed, Sameer"]
[WhiteElo "2375"]
[BlackElo "2287"]
[WhiteCountry "IRI"]
[BlackCountry "SYR"]
[Result "1-0"]

1. d4 Nf6 2. f3 d5 3. e4 dxe4 4. Nc3 exf3 5. Nxf3 Bg4 6. h3 Bh5 7. g4 Bg6 
8. Ne5 e6 9. Bg2 c6 10. O-O Be7 11. h4 Nfd7 12. Nxd7 Nxd7 13. h5 Qc7 
14. hxg6 hxg6 15. Bf4 e5 16. Bg3 Qb6 17. Bf2 Qc7 18. Re1 O-O-O 19. dxe5 Nxe5 
20. Qe2 f6 21. Bxa7 Qa5 22. Be3 Rh4 23. Rad1 g5 24. Rxd8+ Bxd8 25. Ne4 Rxg4 
26. Rd1 Bb6 27. Nf2 Rh4 28. a3 g4 29. Kf1 Bxe3 30. Qxe3 Qb5+ 31. Nd3 Rh8 
32. a4 Qc4 33. Qe2 Re8 34. b3 Qc3 35. Nxe5 Rxe5 36. Qxg4+ f5 37. Qd4 Qxd4 
38. Rxd4 Kc7 39. Kf2 g5 40. Bf1 
1-0

[Event "34th Chess Olympiad (men)"]
[Site "Istanbul"]
[Date "2000.11.07"]
[Round "10.37.2"]
[White "Lungu, Nase"]
[Black "Garcia, Raul"]
[WhiteElo "2200"]
[BlackElo "2318"]
[WhiteCountry "ZAM"]
[BlackCountry "AND"]
[Result "1/2-1/2"]

1. d4 d5 2. e3 Nf6 3. c4 c6 4. Nc3 a6 5. Nf3 b5 6. cxd5 cxd5 7. Ne5 e6 
8. Bd3 Bb7 9. O-O Bd6 10. f4 O-O 11. Bd2 Ne4 12. Be1 f6 13. Nf3 Nd7 14. Qb3 Qe7 
15. a4 b4 16. Ne2 a5 17. Ng3 Kh8 18. Nd2 Nxd2 19. Bxd2 Nb6 20. Rfc1 Rac8 
21. Qa2 Nc4 22. b3 Nxd2 23. Qxd2 g6 24. Rxc8 Rxc8 25. Rc1 Rc7 26. Ne2 Kg7 
27. Rxc7 Qxc7 28. Qc1 Qxc1+ 29. Nxc1 e5 30. g3 
1/2-1/2

[Event "34th Chess Olympiad (men)"]
[Site "Istanbul"]
[Date "2000.11.07"]
[Round "10.37.3"]
[White "Santamaria, V"]
[Black "Chumfwa, Stanley"]
[WhiteElo "2214"]
[BlackElo "2200"]
[WhiteCountry "AND"]
[BlackCountry "ZAM"]
[Result "0-1"]

1. e4 c5 2. d3 Nc6 3. g3 g6 4. Bg2 Bg7 5. f4 e6 6. Nf3 Nge7 7. O-O d5 8. e5 h5 
9. Be3 b6 10. c3 Qd7 11. Na3 Ba6 12. Bf2 Rd8 13. Re1 Nf5 14. Qe2 O-O 
15. Rad1 d4 16. c4 Nb4 17. Nc2 Qa4 18. Nxb4 Qxb4 19. b3 b5 20. h3 bxc4 
21. bxc4 Rb8 22. g4 hxg4 23. hxg4 Nh6 24. Ng5 Qa3 25. Rd2 Rb6 26. Ne4 Rfb8 
27. Red1 Rb2 28. Bf3 Rxd2 29. Rxd2 Rb1+ 30. Kg2 Bb7 31. Ng3 Nxg4 32. Bxb7 Ne3+ 
33. Bxe3 dxe3 34. Qxe3 Rxb7 35. Ne4 Rb1 36. Ng3 Qc1 37. Kf3 Bh6 38. Rh2 Qd1+ 
39. Qe2 Kg7 40. Ne4 Qc1 41. Qd2 Qg1 42. Rg2 Rf1+ 43. Nf2 Qh1 44. Kg3 Qh5 
45. Rh2 Rg1+ 46. Rg2 Rxg2+ 47. Kxg2 Qxe5 48. fxe5 Bxd2 49. Kf3 Bc3 50. Kf4 Kh6 
51. Ne4 g5+ 52. Kg4 Bxe5 53. Nxc5 Kg6 54. Nb3 f5+ 55. Kf3 g4+ 56. Kf2 f4 
57. d4 Bd6 58. c5 Bc7 59. a4 Kf5 60. c6 Ke4 61. Nc5+ Kd5 
0-1